Enciclopedia de los recursos humanos /
محفوظ في:
| المؤلف الرئيسي: | |
|---|---|
| التنسيق: | كتاب |
| اللغة: | الإسبانية |
| منشور في: |
Madrid, España :
Fundación Confemetal,
2002, c2002
|
| الموضوعات: | |
| الوسوم: |
لا توجد وسوم, كن أول من يضع وسما على هذه التسجيلة!
|
MARC
| LEADER | 00000nam^a2200000^a^4500 | ||
|---|---|---|---|
| 001 | 000163554 | ||
| 005 | 20250521000000.0 | ||
| 009 | 20260310100911.752 | ||
| 020 | |a 84-95428-28-8 | ||
| 037 | |a Acervo ITESO - Biblioteca | ||
| 041 | |a ESP | ||
| 082 | |a 658. 3 |b FUN | ||
| 100 | |a Orgemer, Griker |e (autor) | ||
| 245 | 1 | 0 | |a Enciclopedia de los recursos humanos / |c G. Orgemer. |
| 264 | 4 | |a Madrid, España : |b Fundación Confemetal, |c 2002, c2002 | |
| 300 | |a 124 p. + |e 1 disco compacto de computadora | ||
| 336 | |a texto |b txt |2 rdacontenido | ||
| 337 | |a sin mediación |b n |2 rdamedio | ||
| 338 | |a volumen |b nc |2 rdasoporte | ||
| 649 | |a XX | ||
| 650 | |a Gerentes y Jefes | ||
| 650 | |a Tiempos y Movimientos | ||
| 650 | |a Conocimiento - |x Administración | ||
| 650 | |a Conducción de Juntas | ||
| 650 | |a Liderazgo | ||
| 650 | |a Negociación y Mediación | ||
| 650 | |a Benchmarking | ||
| 650 | |a Empowerment | ||
| 650 | |a Trabajo en Equipo | ||
| 650 | |a Administración de Proyectos | ||
| 650 | |a Selección y Contratación de Personal | ||
| 650 | |a Competencias (Educación) | ||
| 650 | |a Formación y Capacitación Laboral | ||
| 650 | |a Educación de Adultos | ||
| 650 | |a Descripción y Valuación de Puestos | ||
| 650 | |a Evaluación del Desempeño | ||
| 650 | |a Sueldos y Salarios | ||
| 650 | |a Motivación Laboral | ||
| 650 | |a Seguridad Social | ||
| 650 | |a Prestaciones Laborales | ||
| 650 | |a Seguridad Industrial | ||
| 650 | |a Higiene Industrial | ||
| 650 | |a Comunicación Organizacional | ||
| 650 | |a Cambio Organizacional | ||
| 650 | |a Control Administrativo | ||
| 650 | |a Organización Administrativa | ||
| 650 | |a Cultura Organizacional | ||
| 650 | |a Derecho Laboral | ||
| 650 | |a Derecho Público | ||
| 650 | |a Relaciones Empleado-Empleador | ||
| 650 | |a Recursos Humanos - |x Dirección | ||
| 650 | |a Recursos Humanos - |x Planeación | ||
| 650 | |a Recursos Humanos - |x Evaluación | ||
| 650 | |a Recursos Humanos - |x Enciclopedias y Diccionarios | ||
| 650 | |a Proceso Administrativo - |x Dirección - |x Enciclopedias y Diccionarios | ||
| 650 | |a Administración - |x Enciclopedias y Diccionarios | ||
| 650 | |a Ciencias Administrativas - |x Enciclopedias y Diccionarios | ||
| 650 | |a Enciclopedias y Diccionarios | ||
| 910 | |a Fondo General | ||
| 920 | |a Impresos - Libros | ||
| 930 | |a Obras de Referencia | ||
| 905 | |a 102 | ||
| 901 | |a 0500096540 |b IT2 |c REF |u 20250521 | ||
| 901 | |a 0500096546 |b IT2 |c SWB |u 20250521 | ||
| 902 | |a https://opac.biblio.iteso.mx/vufind/Record/000163554 | ||